تحميل...

American foriegn policy since world war II /

التفاصيل البيبلوغرافية
المؤلف الرئيسي: Spanier, John
التنسيق: Printed Book
اللغة:English
منشور في: New York : Praeger Pub, 1973.
الطبعة:6th ed.
LEADER 00727nam a2200145Ia 4500
008 150624b xxu||||| |||| 00| 0 eng d
082 |a 327.73 
100 |a Spanier, John 
245 |a American foriegn policy since world war II /  |c John Spanier 
250 |a 6th ed. 
260 |a New York :  |b Praeger Pub,  |c 1973. 
505 |a 1. American approach to foreign policy 2. Beginning of the cold war 3. Containment in Europe 4. Containment in the far east 5. Strategy of "Frontiersmanship" 6. Berlin,Cuba and the crisis of massive retaliation 7. Third world and the American -Soviet comp 
942 |c BK 
999 |c 63149  |d 63149 
952 |0 0  |1 0  |2 ddc  |4 0  |6 327_730000000000000_SPA_A  |7 0  |9 63126  |a UL  |b UL  |c ST2  |d 2012-10-27  |o 327.73 SPA/A  |p G2090  |r 2012-10-27  |y BK